مكتبة جامعة عجلون الوطنية

فهرس بحث المكتبة

Normal view MARC view
  • صعوبات التعليم الخاصة-تصنيف جديد لصعوبات التعلم

Entry Topical Term

Number of records used in: 1

001 - CONTROL NUMBER

  • control field: 62055

003 - CONTROL NUMBER IDENTIFIER

  • control field: JO-AjAnu

005 - DATE AND TIME OF LATEST TRANSACTION

  • control field: 20230606084133.0

008 - FIXED-LENGTH DATA ELEMENTS

  • fixed length control field: 230606|| aca||aabn | a|a d

040 ## - CATALOGING SOURCE

  • Original cataloging agency: JO-AjAnu
  • Transcribing agency: JO-AjAnu

150 ## - HEADING--TOPICAL TERM

  • Topical term or geographic name entry element: صعوبات التعليم الخاصة-تصنيف جديد لصعوبات التعلم

670 ## - SOURCE DATA FOUND

  • Source citation: Work cat.: (JO-AjAnu)31648: محمد، عادل عبدالله، م.مشارك امال احمد مصطفى, author 62054, صعوبات التعلم وفق تصنيف جديد لصعوبات التعلم